书目信息 |
| 题名: |
当前我国政府成本管控基本理论及其经济影响分析研究
|
|
| 作者: | 王燕子 , 冯胜昔 昔著 | |
| 分册: | ||
| 出版信息: | 长春 东北师范大学出版社 2017.9 |
|
| 页数: | 234页 | |
| 开本: | 24cm | |
| 丛书名: | ||
| 单 册: | ||
| 中图分类: | D630.1 , F124 | |
| 科图分类: | ||
| 主题词: | 国家行政机关--成本管理--研究--中国 , 国家行政机关--成本管理--影响--经济发展--研究--中国 | |
| 电子资源: | ||
| ISBN: | 978-7-5681-3731-7 | |
| 000 | 01435nam0 2200265 45 | |
| 001 | 012001000927 | |
| 005 | 20140920091302.0 | |
| 010 | @a978-7-5681-3731-7@dCNY53.00 | |
| 100 | @a20170912d2017 em y0chiy0110 ea | |
| 101 | 0 | @achi |
| 102 | @aCN@b220000 | |
| 105 | @ay z 000yy | |
| 106 | @ar | |
| 200 | 1 | @a当前我国政府成本管控基本理论及其经济影响分析研究@9Dang Qian Wo Guo Zheng Fu Cheng Ben Guan Kong Ji Ben Li Lun Ji Qi Jing Ji Ying Xiang Fen Xi Yan Jiu@f王燕子,冯胜昔著 |
| 210 | @a长春@c东北师范大学出版社@d2017.9 | |
| 215 | @a234页@d24cm | |
| 330 | @a政府接受人民委托履行各项政府职能过程中必然会消耗一定的人力、物力和财力,由此便产生了政府成本问题。政府成本是一个世界各国共同存在的普遍问题,它对当代和未来一个时期的社会经济发展有很大的影响,现代政府必须按照市场经济的特征选择合适的成本管理机制,这样才能控制或降低政府成本。本著作立足我国政府,在研究框架和研究思路方面力图运用多个学科的理论知识,从运行成本、决策成本、会计成本等多个视角对政府成本进行较为综合性的研究。同时,本著作还进一步研究了政府成本管控对当前经济发展的影响,力图为我国深化行政体制改革,提高政府执政能力,促进社会全面发展提供新的方法。 | |
| 606 | 0 | @a国家行政机关@x成本管理@x研究@y中国 |
| 606 | 0 | @a国家行政机关@x成本管理@x影响@x经济发展@x研究@y中国 |
| 690 | @aD630.1@v5 | |
| 690 | @aF124@v5 | |
| 701 | 0 | @a王燕子@9Wang Yan Zi@4昔著 |
| 701 | 0 | @a冯胜昔@9Feng Sheng Xi@4著 |
| 801 | 0 | @aCN@b上海新华@c20180901 |
| 905 | @b1155567-71@dD630.1@e360@f5 | |
| 当前我国政府成本管控基本理论及其经济影响分析研究/王燕子,冯胜昔著.-长春:东北师范大学出版社,2017.9 |
| 234页;24cm |
| ISBN 978-7-5681-3731-7:CNY53.00 |
| 政府接受人民委托履行各项政府职能过程中必然会消耗一定的人力、物力和财力,由此便产生了政府成本问题。政府成本是一个世界各国共同存在的普遍问题,它对当代和未来一个时期的社会经济发展有很大的影响,现代政府必须按照市场经济的特征选择合适的成本管理机制,这样才能控制或降低政府成本。本著作立足我国政府,在研究框架和研究思路方面力图运用多个学科的理论知识,从运行成本、决策成本、会计成本等多个视角对政府成本进行较为综合性的研究。同时,本著作还进一步研究了政府成本管控对当前经济发展的影响,力图为我国深化行政体制改革,提高政府执政能力,促进社会全面发展提供新的方法。 |
| ● |
| 相关链接 |
|
|
|
|
正题名:当前我国政府成本管控基本理论及其经济影响分析研究
索取号:D630.1/360
 
预约/预借
| 序号 | 登录号 | 条形码 | 馆藏地/架位号 | 状态 | 备注 |
| 1 | 1155567 | 211555672 | 第一样本阅览室/ [索取号:D630.1/360] | 在馆 | |
| 2 | 1155568 | 211555681 | 第一借阅区/ [索取号:D630.1/360] | 在馆 | |
| 3 | 1155569 | 211555690 | 第一借阅区/ [索取号:D630.1/360] | 在馆 | |
| 4 | 1155570 | 211555707 | 第一借阅区/ [索取号:D630.1/360] | 在馆 | |
| 5 | 1155571 | 211555716 | 密集书库-史法系/ [索取号:D630.1/360] | 在馆 |